Quick Pick: Star Trek Movies by Villain Quiz Stats

 Plays Quiz Updated Jul 24, 2018

Challenge
Share
Tweet
Embed
Score 0/10 Timer 01:00
1 Play Today
% Correct
Star Trek II: The Wrath of Khan
84.1%
Star Trek: The Motion Picture
64.7%
Star Trek First Contact
59.8%
Star Trek
52.5%
Star Trek VI: The Undiscovered Country
49.3%
Star Trek Nemesis
48.3%
Star Trek V: The Final Frontier
47.9%
Star Trek Generations
46.6%
Star Trek III: The Search for Spock
46.3%
Star Trek IV: The Voyage Home
45.8%

Today's Daily Dose

Word Ladder
Bruno Mars Song

Get the Picture
Japanese Cars

You're not logged in!

Compare scores with friends on all Sporcle quizzes.
OR
Log In

You Might Also Like...

Show Comments

Extras

Top Quizzes Today


Score Distribution

Your Account Isn't Verified!

In order to create a playlist on Sporcle, you need to verify the email address you used during registration. Go to your Sporcle Settings to finish the process.

Report this User

Report this user for behavior that violates our Community Guidelines.

Details: